书目信息 |
| 题名: |
当代外国著名经济学家
|
|
| 作者: | 《经济学动态》编辑部 编 | |
| 分册: | ||
| 出版信息: | 北京 中国社会科学出版社 1984 |
|
| 页数: | 516页 | |
| 开本: | 19cm | |
| 丛书名: | ||
| 单 册: | ||
| 中图分类: | K815.3 | |
| 科图分类: | ||
| 主题词: | 经济学家--列传--世界--现代 | |
| 电子资源: | ||
| ISBN: | ||
| 000 | 00704nam0 2200229 45 | |
| 001 | 0184012312 | |
| 005 | 20050419102807.1 | |
| 010 | @dCNY2.40 | |
| 091 | @aCN@b4190.198 | |
| 100 | @a19950705d1984 em y0chiy0121 ea | |
| 101 | 0 | @achi |
| 102 | @aCN@b110000 | |
| 105 | @ay z 000zc | |
| 200 | 10 | @a当代外国著名经济学家@Adang dai wai guo zhu ming jing ji xue jia@f《经济学动态》编辑部编@F《Jing Ji Xue Dong Tai》Bian Ji Bu Bian |
| 210 | @a北京@c中国社会科学出版社@d1984 | |
| 215 | @a516页@d19cm | |
| 606 | @a经济学家@x列传@y世界@z现代 | |
| 690 | @aK815.3@v3 | |
| 701 | 0 | @a《经济学动态》编辑部@4编 |
| 801 | 0 | @aCN@b上海图书馆@c20050419 |
| 801 | 2 | @aCN@bNLC@c20050419 |
| 905 | @f1@b221615@dK815.3@e33 | |
| 当代外国著名经济学家/《经济学动态》编辑部编.-北京:中国社会科学出版社,1984 |
| 516页;19cm |
| ISBN :CNY2.40 |
| ● |
| 相关链接 |
|
|
|
|
正题名:当代外国著名经济学家
索取号:K815.3/33
 
预约/预借
| 序号 | 登录号 | 条形码 | 馆藏地/架位号 | 状态 | 备注 |
| 1 | 0221615 | 002000836 | 密集书库/ [索取号:K815.3/33] | 在馆 | |
| 2 | 0221616 | 001410360 | 第二样本阅览室/ [索取号:K815.3/33] | 在馆 |